| 000 | 01342nam a2200301 a 4500 | ||
|---|---|---|---|
| 001 | 30863 | ||
| 003 | BD-RJUL | ||
| 005 | 20211209051627.0 | ||
| 008 | 140411m19501939maub b 000 0 eng d | ||
| 035 | _a(BD-RJUL)30950 | ||
| 040 |
_aINA _cINA _dOCL _dEQO _beng |
||
| 041 | 1 |
_aeng _hgrc |
|
| 082 |
_a189 _bBAS 1950 |
||
| 090 |
_aBR65.B32 _bD4 |
||
| 100 | 0 |
_aBasil, _dapproximately 329-379. _993763 |
|
| 245 | 1 | 0 |
_aSaint Basil : _bthe letters / _cwith an English translation by Roy J. Deferrari. _nV-4 |
| 260 |
_aCambridge, Mass : _bHarvard University Press ; _aLondon : _bW. Heinemann, _cc1939[reprinting1950] |
||
| 300 |
_a461 p. : _bill. ; _c14 cm. |
||
| 500 | _aFirst published 1926-39. | ||
| 500 | _aGreek and English on opposite pages. | ||
| 500 | _a"Address to young men on reading Greek literature," with an English translation by R. J. Deferrari and M. R. P. McGuire: v. 4, p. [363]-435. | ||
| 504 | _aBibliography: v. 1, p. xli-xlv; v. 4, p. xiv-xv. Includes indexes. | ||
| 700 | 1 |
_aDeferrari, Roy J. _q(Roy Joseph), _d1890-1969. _971301 |
|
| 700 | 1 |
_aMcGuire, Martin R. P. _q(Martin Rawson Patrick), _d1897-1969. _993764 |
|
| 700 | 0 | 2 |
_aBasil, _cSaint, Bishop of Caesarea, _dapproximately 329-379. _tAddress to young men. _lEnglish & Greek. _993765 |
| 830 | 0 |
_aLoeb classical library. _993769 |
|
| 942 |
_2ddc _cBK |
||
| 999 |
_c30863 _d30863 |
||